00439 2200169 4500245006400000020002200064250001100086100002000097700002000117650001200137005001900149260004500168041001400213084000800227300002500235336000900260 aSekolah Bukan Sekedar Tempat BelajarcHetti RestiantihText a978-602-7501-08-9 aCet. 1 aHetti Restianti aRizky Handayani aSekolah a20230224133257 aBekasibCV Tidar Mediaseni Graphicc2012 aIndonesia a371 avi, 58 hlm. :c25 cm atext